[Event "35. DSenEM 65+"]
[Site "Bad Wildungen"]
[Date "2023.07.19"]
[Round "3.42"]
[White "Rache, Ralf"]
[Black "Abel, Hans-Peter"]
[Result "1/2-1/2"]
[WhiteElo "1910"]
[BlackElo "1761"]
[PlyCount "39"]
[EventDate "2023.??.??"]
[WhiteTeam "Aachener Schachverein 1856 e. V."]
[BlackTeam "SC Leinfelden"]

1. e4 c5 2. Nf3 d6 3. d4 cxd4 4. Nxd4 Nf6 5. Nc3 g6 6. Be3 Bg7 7. f3 O-O 8. Qd2 Nc6 9. Bc4 Bd7 10. O-O-O a6 11. h4 h5 12. Kb1 b5 13. Bb3 Rc8 14. Nxc6 Bxc6 15. Bh6 Qc7 16. Bxg7 Kxg7 17. Bd5 Bd7 18. Bb3 Bc6 19. Bd5 Bd7 20. Bb3 1/2-1/2

[Event "35. DSenEM 65+"]
[Site "Bad Wildungen"]
[Date "2023.07.19"]
[Round "3.43"]
[White "Zechel, Rolf-Ruediger"]
[Black "Haelsig, Guenter"]
[Result "1/2-1/2"]
[WhiteElo "1731"]
[BlackElo "1894"]
[PlyCount "79"]
[EventDate "2023.??.??"]
[WhiteTeam "SK Kaltenkirchen"]
[BlackTeam "USV Potsdam e.V., Abt. Schach"]

1. d4 f5 2. e4 fxe4 3. Nc3 Nf6 4. Bg5 c6 5. Bxf6 exf6 6. Nxe4 d5 7. Nd2 Bd6 8. Ngf3 Bg4 9. Be2 O-O 10. O-O Re8 11. Bd3 Qd7 12. c3 Bf5 13. Qc2 Bxd3 14. Qxd3 Na6 15. Rfe1 Nc7 16. Nf1 g6 17. Ne3 Ne6 18. h3 Re7 19. Rad1 Nf4 20. Qc2 Rae8 21. Ng4 Kg7 22. Rxe7+ Rxe7 23. Ne3 Qe6 24. Re1 Qd7 25. Ng4 Qe8 26. Rxe7+ Qxe7 27. Ne3 Qe6 28. Qd1 Qe4 29. Nf1 Qd3 30. Ne3 h5 31. Kh1 Qe4 32. Qf1 Qd3 33. Qd1 Kf7 34. Qxd3 Nxd3 35. Nd1 Bf4 36. Kg1 Bc1 37. b3 Nf4 38. Kf1 Ke7 39. h4 Ne6 40. g3 1/2-1/2

[Event "35. DSenEM 65+"]
[Site "Bad Wildungen"]
[Date "2023.07.19"]
[Round "3.44"]
[White "Moews, Harald"]
[Black "Fleischer, Matthias"]
[Result "1/2-1/2"]
[WhiteElo "1704"]
[BlackElo "1849"]
[PlyCount "97"]
[EventDate "2023.??.??"]
[WhiteTeam "Ahrensburger TSV"]
[BlackTeam "SF Schwerin"]

1. e4 d6 2. Bc4 Nf6 3. d3 g6 4. Nf3 Bg7 5. Nc3 O-O 6. h3 e5 7. Be3 c6 8. Qd2 a5 9. a3 b5 10. Ba2 Bb7 11. Ne2 c5 12. c4 b4 13. a4 Nc6 14. Bb3 Qe7 15. O-O-O Rfe8 16. g4 Nd4 17. Nexd4 cxd4 18. Bg5 Qd7 19. Rdg1 Rac8 20. Bc2 d5 21. Bxf6 Bxf6 22. g5 Bg7 23. b3 dxe4 24. dxe4 Rc7 25. Bd3 Bc6 26. Qc2 Rb8 27. Kd2 h5 28. gxh6 Qe7 29. Nh2 Bxh6+ 30. Ke2 Bf4 31. f3 Kg7 32. Ng4 Rh8 33. Qd1 Rh4 34. Qf1 g5 35. Qg2 f6 36. Kd1 Bxa4 37. bxa4 b3 38. Qb2 Qb4 39. Ke2 Qxa4 40. Rb1 Rb7 41. Kf2 Qb4 42. Kg2 a4 43. Ra1 Rh8 44. Ra3 Ra8 45. Be2 Bd2 46. Rha1 Rba7 47. Rxa4 Rxa4 48. Rxa4 Qxa4 49. Qxd2 1/2-1/2

[Event "35. DSenEM 65+"]
[Site "Bad Wildungen"]
[Date "2023.07.19"]
[Round "3.45"]
[White "Dierkes, Heinrich"]
[Black "Wenske, Hardy"]
[Result "1/2-1/2"]
[WhiteElo "1786"]
[BlackElo "1710"]
[PlyCount "94"]
[EventDate "2023.??.??"]
[WhiteTeam "SK Koenigsspringer Wewelsburg"]
[BlackTeam "Kieler SG von 1884"]

1. e3 d5 2. d4 Nf6 3. f4 Bg4 4. Nf3 e6 5. Bd3 Nbd7 6. O-O Be7 7. Qe1 Bxf3 8. Rxf3 Ne4 9. Nd2 f5 10. a4 Ndf6 11. a5 a6 12. c4 c6 13. c5 Nxd2 14. Bxd2 Ne4 15. Qd1 O-O 16. Be1 Rf6 17. Qb3 Qd7 18. Ra4 Rff8 19. Rh3 Bf6 20. Rf3 Rf7 21. h4 Qe7 22. Rh3 h5 23. Qd1 g6 24. g3 Qd7 25. Rh2 Bd8 26. Rc2 Nf6 27. Rc3 Ne8 28. Rb3 Ra7 29. Ra1 Nc7 30. Qc2 Kg7 31. Rc3 Qc8 32. Kg2 Qd7 33. Rb3 Qc8 34. Rc3 Qd7 35. b4 Qc8 36. Bf2 Bf6 37. Rh1 Be7 38. Qb1 Ne8 39. Rcc1 Nf6 40. Be1 Bd8 41. Rc2 Ng4 42. Bd2 Nf6 43. Rhc1 Rc7 44. Ra2 Qd7 45. Ra3 Kf7 46. Rc2 Qc8 47. Qc1 Ra8 1/2-1/2

[Event "35. DSenEM 65+"]
[Site "Bad Wildungen"]
[Date "2023.07.19"]
[Round "3.46"]
[White "Schneidereit, Manfred"]
[Black "Hilbig, Dieter"]
[Result "0-1"]
[WhiteElo "1678"]
[BlackElo "1830"]
[PlyCount "80"]
[EventDate "2023.??.??"]
[WhiteTeam "Jueterbog"]
[BlackTeam "ESV Gera"]

1. c4 e5 2. g3 Bc5 3. Bg2 Nf6 4. Nc3 O-O 5. e4 d6 6. Nge2 Nc6 7. O-O Bg4 8. h3 Bh5 9. d3 h6 10. a3 Nd4 11. g4 Bg6 12. b4 Bb6 13. Ng3 c6 14. a4 Rc8 15. a5 Bc7 16. Nce2 Nxe2+ 17. Qxe2 d5 18. c5 dxe4 19. dxe4 Qd4 20. Rb1 Rcd8 21. Be3 Qd3 22. Qxd3 Rxd3 23. Rfd1 Rfd8 24. Rxd3 Rxd3 25. Bf1 Rd8 26. f3 Nd5 27. Rb3 Nxe3 28. Rxe3 Rd4 29. Rb3 f6 30. b5 Bxa5 31. Ra3 Bb4 32. Rxa7 Bxc5 33. Rxb7 Rd7+ 34. Kg2 Rxb7 35. bxc6 Rc7 36. Bc4+ Kf8 37. Bd5 Be8 38. Ne2 Bxc6 39. Nc3 Bd4 40. Bxc6 Rxc6 0-1

[Event "35. DSenEM 65+"]
[Site "Bad Wildungen"]
[Date "2023.07.19"]
[Round "3.47"]
[White "Andrijenko, Anatoliy"]
[Black "Peter, Volkhard"]
[Result "0-1"]
[WhiteElo "1803"]
[BlackElo "1707"]
[PlyCount "68"]
[EventDate "2023.??.??"]
[WhiteTeam "SF Koeln-Longerich 1956"]
[BlackTeam "SV Einheit Schwerin"]

1. e4 e5 2. Bc4 Nf6 3. Nf3 Nc6 4. O-O Nxe4 5. Re1 d5 6. d3 Nxf2 7. Kxf2 dxc4 8. d4 Bg4 9. c3 f6 10. Qa4 Bxf3 11. gxf3 Qd5 12. Na3 Bxa3 13. Qxa3 Kf7 14. Be3 Rhe8 15. Qc5 Qxc5 16. dxc5 b5 17. a4 b4 18. f4 bxc3 19. bxc3 Rab8 20. Rab1 Rb3 21. Red1 Ke6 22. fxe5 Nxe5 23. Bd4 Nd3+ 24. Kg3 Reb8 25. Rxb3 Rxb3 26. c6 Kd5 27. h4 a5 28. h5 Kxc6 29. h6 g6 30. Bxf6 Nc5 31. Re1 Nxa4 32. Re6+ Kb7 33. Re7 Nxc3 34. Bxc3 Rxc3+ 0-1

[Event "35. DSenEM 65+"]
[Site "Bad Wildungen"]
[Date "2023.07.19"]
[Round "3.48"]
[White "Kramell, Ralph Friedrich Kurt"]
[Black "Schumacher, Ursula"]
[Result "1/2-1/2"]
[WhiteElo "1765"]
[BlackElo "1531"]
[PlyCount "62"]
[EventDate "2023.??.??"]
[WhiteTeam "SG 2011 Sennewitz e.V."]
[BlackTeam "Bad Neuenahr"]

1. Nc3 c6 2. e4 d5 3. d4 dxe4 4. Nxe4 Bf5 5. Ng3 Nf6 6. Nxf5 Qa5+ 7. c3 Qxf5 8. Nf3 Qd7 9. Bc4 e6 10. O-O Be7 11. Re1 O-O 12. a4 a5 13. Ng5 Nd5 14. Nf3 Bd6 15. Bxd5 cxd5 16. Qd3 h6 17. Ne5 Bxe5 18. Rxe5 Nc6 19. Rh5 f5 20. Qg3 Kh7 21. Qh3 Rf6 22. Qd3 Qf7 23. Rh3 Rg6 24. Bf4 Qf6 25. Re1 Re8 26. Rhe3 Qh4 27. Bg3 Qg5 28. f4 Qd8 29. Rb1 Qc7 30. Qb5 Rb8 31. Qd3 Qd6 1/2-1/2

[Event "35. DSenEM 65+"]
[Site "Bad Wildungen"]
[Date "2023.07.19"]
[Round "3.49"]
[White "Kube, Hannelore"]
[Black "Jacob, Karl-Heinz"]
[Result "1/2-1/2"]
[WhiteElo "1916"]
[BlackElo "1687"]
[PlyCount "56"]
[EventDate "2023.??.??"]
[WhiteTeam "SV Medizin Erfurt"]
[BlackTeam "SG 1951 Sonneberg"]

1. c4 f5 2. d4 Nf6 3. Nc3 e6 4. Qc2 d5 5. e3 c6 6. Bd3 Be7 7. Nge2 O-O 8. O-O Nbd7 9. Nf4 Kf7 10. cxd5 Nxd5 11. e4 fxe4 12. Bxe4 N7f6 13. Bxh7 Nxf4 14. Bxf4 Nxh7 15. Qxh7 Qxd4 16. Bg3 Qf6 17. Qe4 Qf5 18. Qe2 Bf6 19. Ne4 Be5 20. Nd6+ Bxd6 21. Bxd6 Re8 22. Rfd1 b6 23. Rd4 e5 24. Re4 Ba6 25. Qe3 Rad8 26. Rxe5 Rxe5 27. Qxe5 Qxe5 28. Bxe5 Be2 1/2-1/2

[Event "35. DSenEM 65+"]
[Site "Bad Wildungen"]
[Date "2023.07.19"]
[Round "3.50"]
[White "Hassler, Rolf"]
[Black "Plewka, Manfred"]
[Result "0-1"]
[WhiteElo "1695"]
[BlackElo "1915"]
[PlyCount "124"]
[EventDate "2023.??.??"]
[WhiteTeam "Hellertaler Schachfreunde 1954"]
[BlackTeam "SV VHS Rendsburg"]

1. e4 c5 2. Nc3 e6 3. g3 d5 4. Bg2 d4 5. Nce2 e5 6. d3 Nc6 7. f4 f6 8. Nf3 Be6 9. fxe5 fxe5 10. Ng5 Bg4 11. h3 Be7 12. Nf3 Be6 13. c3 h6 14. Qa4 Bd7 15. Qb3 Qc7 16. cxd4 cxd4 17. O-O Nf6 18. Bd2 Qd6 19. Rfc1 Rb8 20. Nh4 Be6 21. Qd1 Kf7 22. Nf5 Qd7 23. g4 Bb4 24. a3 Bxd2 25. Qxd2 Bxf5 26. gxf5 Rhc8 27. Ng3 b6 28. Bf3 Na5 29. Bd1 Kg8 30. b4 Rxc1 31. Rxc1 Nb7 32. Bb3+ Kh8 33. Qc2 Nd6 34. Be6 Qe8 35. a4 Rb7 36. b5 Qe7 37. Kg2 Nfe8 38. Bd5 Rc7 39. Bc6 Qg5 40. Rf1 Nf6 41. Qc1 Qh4 42. Qd2 Nf7 43. Qb4 Ng5 44. Rh1 Nh5 45. Nxh5 Qxh5 46. Qf8+ Kh7 47. Qe8 Qe2+ 48. Kg1 Qe3+ 49. Kg2 Qe2+ 50. Kg3 Qf3+ 51. Kh4 Rf7 52. Qxe5 Qxh1 53. Qg3 Qf3 54. Qh2 Qxd3 55. Kg4 Nxe4 56. Qf4 Nf6+ 57. Kh4 g5+ 58. fxg6+ Qxg6 59. Bf3 Qg5+ 60. Qxg5 hxg5+ 61. Kxg5 Nd7 62. Be4+ Kg7 0-1

[Event "35. DSenEM 65+"]
[Site "Bad Wildungen"]
[Date "2023.07.19"]
[Round "3.51"]
[White "Seidel, Arnold"]
[Black "Huber, Helmut"]
[Result "1-0"]
[WhiteElo "1906"]
[BlackElo "1661"]
[PlyCount "101"]
[EventDate "2023.??.??"]
[WhiteTeam "SV Kali Wolmirstedt"]
[BlackTeam "Brackweder Schachklub von 1924"]

1. e4 c5 2. Nf3 d6 3. Bc4 e6 4. Nc3 Nf6 5. e5 dxe5 6. Nxe5 a6 7. O-O Bd6 8. Ng4 O-O 9. a4 Nc6 10. h3 Nxg4 11. Qxg4 Ne5 12. Qe2 Nxc4 13. Qxc4 Qa5 14. b3 b5 15. Qe2 b4 16. Ne4 Be7 17. Bb2 f5 18. Ng3 g6 19. Qf3 Rb8 20. Be5 Rb7 21. Rfe1 Bf6 22. Rad1 Bxe5 23. Rxe5 Re7 24. Ne2 Bb7 25. Qe3 Rfe8 26. Qxc5 Qxc5 27. Rxc5 Bd5 28. Nf4 Rd7 29. Re1 Kf7 30. d3 Red8 31. Ra5 Ra7 32. Re5 Kf6 33. Nxd5+ Rxd5 34. Rexd5 exd5 35. Rxd5 Ke6 36. Rc5 Kd6 37. Rc4 a5 38. Kf1 Re7 39. f3 Re6 40. Kf2 Kd5 41. Rc8 Kd4 42. Rc4+ Kd5 43. f4 h5 44. Rc8 Ra6 45. Rd8+ Kc6 46. Re8 Kd5 47. Re5+ Kd4 48. Ke2 Ra8 49. Re6 Rd8 50. Rxg6 Rd7 51. Rg5 1-0

[Event "35. DSenEM 65+"]
[Site "Bad Wildungen"]
[Date "2023.07.19"]
[Round "3.52"]
[White "Ross, Heinrich"]
[Black "Blosze, Winfried"]
[Result "0-1"]
[WhiteElo "1602"]
[BlackElo "1845"]
[PlyCount "98"]
[EventDate "2023.??.??"]
[WhiteTeam "SG Springer Burghaun"]
[BlackTeam "SV Koenigsspr. 1929 Grossauheim"]

1. e4 e5 2. Nf3 Nc6 3. Bc4 Bc5 4. c3 Nf6 5. Qc2 d6 6. O-O Bg4 7. Be2 O-O 8. d3 h6 9. Ne1 Qd7 10. Kh1 Rfe8 11. Bf3 Ne7 12. Qe2 Ng6 13. Be3 Bb6 14. Nd2 Bxf3 15. Ndxf3 Qg4 16. Ng1 Nf4 17. Qxg4 Nxg4 18. Bxb6 axb6 19. h3 Nf6 20. g3 Ng6 21. Kh2 Red8 22. a3 Ra5 23. b4 Ra7 24. Nc2 Nd7 25. Ne2 Rda8 26. f4 f6 27. f5 Ne7 28. d4 b5 29. Ra2 Nb6 30. Rfa1 Nc4 31. g4 d5 32. dxe5 fxe5 33. Ng3 c6 34. h4 Kf7 35. g5 hxg5 36. hxg5 Rh8+ 37. Kg2 Rh4 38. Rh1 Rxh1 39. g6+ Kf6 40. Kxh1 dxe4 41. Ne1 e3 42. Nf3 Nxf5 43. Ne4+ Kxg6 44. Rg2+ Kf7 45. Nfg5+ Ke7 46. Nc5 b6 47. Nd3 Rxa3 48. Ne4 Ra1+ 49. Kh2 Rd1 0-1

[Event "35. DSenEM 65+"]
[Site "Bad Wildungen"]
[Date "2023.07.19"]
[Round "3.53"]
[White "Semisch, Helga"]
[Black "Lekakh, Mikhail"]
[Result "0-1"]
[WhiteElo "1408"]
[BlackElo "1804"]
[PlyCount "93"]
[EventDate "2023.??.??"]
[WhiteTeam "SV Schmalkalden 04"]
[BlackTeam "Oberbilker Schachverein 1960"]

1. d4 Nf6 2. c4 e6 3. Nc3 d5 4. cxd5 exd5 5. e3 b6 6. Bd3 Bb7 7. f4 g6 8. Nf3 Bg7 9. O-O O-O 10. f5 Ne4 11. Ne5 f6 12. Ng4 g5 13. Qf3 Nxc3 14. bxc3 Ba6 15. Bxa6 Nxa6 16. Bd2 c6 17. Rac1 Rc8 18. Qe2 Nb8 19. Rf2 h5 20. Nxf6+ Qxf6 21. Qxh5 Qh6 22. Qg4 Qh4 23. Qf3 Rce8 24. c4 Re4 25. cxd5 cxd5 26. Bb4 g4 27. Qe2 Rfe8 28. Bd2 Qe7 29. Re1 Qd6 30. Qd3 Qe7 31. Qe2 a6 32. Qf1 b5 33. Rf4 Qd6 34. Qf2 Rxf4 35. exf4 Rxe1+ 36. Qxe1 Qe7 37. Be3 Bxd4 38. Kf2 Qxe3+ 39. Qxe3 Bxe3+ 40. Kxe3 Nc6 41. a3 Kf7 42. Kf2 Kf6 43. Kg3 Kxf5 44. h3 gxh3 45. Kxh3 d4 46. g4+ Kxf4 47. Kh4 0-1

[Event "35. DSenEM 65+"]
[Site "Bad Wildungen"]
[Date "2023.07.19"]
[Round "3.54"]
[White "Prause, Dieter"]
[Black "Bierwald, Martin"]
[Result "1-0"]
[WhiteElo "1779"]
[BlackElo "1540"]
[PlyCount "69"]
[EventDate "2023.??.??"]
[WhiteTeam "Schachklub Delbrueck"]
[BlackTeam "Koenigsspr. SC.1984 e.V."]

1. Nf3 Nf6 2. c4 g6 3. g3 Bg7 4. Nc3 d6 5. d4 O-O 6. Bg2 Nbd7 7. e4 e5 8. dxe5 Nxe5 9. Nxe5 dxe5 10. O-O Qxd1 11. Rxd1 Be6 12. b3 c6 13. Ba3 Rfd8 14. Be7 Re8 15. Bd6 Nd7 16. Rd3 Bf8 17. Rad1 Bxd6 18. Rxd6 Rad8 19. Na4 Kf8 20. Nc5 Ke7 21. Nxb7 Rc8 22. a4 Rc7 23. Na5 Nb8 24. c5 Rd7 25. Bf1 Red8 26. Rxd7+ Rxd7 27. Rxd7+ Bxd7 28. b4 f6 29. b5 cxb5 30. axb5 Bc8 31. Nc4 Nd7 32. Nd6 Kd8 33. Bh3 Kc7 34. Nxc8 Kxc8 35. c6 1-0

[Event "35. DSenEM 65+"]
[Site "Bad Wildungen"]
[Date "2023.07.19"]
[Round "3.55"]
[White "Geibel, Henning"]
[Black "Wolter, Guenter"]
[Result "1/2-1/2"]
[WhiteElo "1384"]
[BlackElo "1775"]
[PlyCount "76"]
[EventDate "2023.??.??"]
[WhiteTeam "Ahrensburger TSV"]
[BlackTeam "TSG Neustrelitz"]

1. e4 d5 2. exd5 Nf6 3. c4 c6 4. Nc3 cxd5 5. cxd5 Nxd5 6. Nf3 Bg4 7. h3 Bh5 8. Qb3 Bxf3 9. gxf3 Nb6 10. Qb5+ Qd7 11. Qxd7+ N8xd7 12. Nb5 Nd5 13. Bc4 N7f6 14. O-O a6 15. Nd4 e6 16. Re1 O-O-O 17. d3 Nb4 18. Be3 Nfd5 19. a3 Nxe3 20. fxe3 Rxd4 21. exd4 Nc2 22. d5 Nxa1 23. Rxa1 exd5 24. Bxd5 f6 25. Rc1+ Kb8 26. Re1 Bc5+ 27. Kg2 Rd8 28. Be4 g6 29. b4 Bd4 30. f4 Bb2 31. a4 Bc3 32. Rh1 f5 33. Bf3 Rxd3 34. b5 a5 35. Rd1 Rd4 36. Rxd4 Bxd4 37. Bd5 h6 38. Bf7 g5 1/2-1/2

[Event "35. DSenEM 65+"]
[Site "Bad Wildungen"]
[Date "2023.07.19"]
[Round "3.56"]
[White "Wagner, Guenter"]
[Black "Ludwig, Richard"]
[Result "1-0"]
[WhiteElo "1709"]
[BlackElo "1489"]
[PlyCount "86"]
[EventDate "2023.??.??"]
[WhiteTeam "SV 1946 Gross-Gerau"]
[BlackTeam "SV Irxleben von 1919"]

1. Nf3 Nf6 2. g3 d5 3. c4 e6 4. Bg2 Be7 5. O-O O-O 6. b3 dxc4 7. bxc4 c5 8. Bb2 Nc6 9. d3 Bd7 10. Nbd2 Rb8 11. Nb3 b6 12. Ne5 Rc8 13. a4 Nxe5 14. Bxe5 Bc6 15. a5 Bxg2 16. Kxg2 Bd6 17. Bc3 e5 18. axb6 axb6 19. Nd2 Re8 20. Qb3 Qc7 21. Rfb1 Qb7+ 22. Kg1 Bc7 23. Qb2 Ra8 24. Nb3 Rxa1 25. Rxa1 Qc6 26. Nd2 Ra8 27. Rxa8+ Qxa8 28. Bxe5 Bxe5 29. Qxe5 h6 30. Qb2 Qc6 31. f3 Qe6 32. Kf2 Qh3 33. Nf1 Qe6 34. Qd2 Qf5 35. Qf4 Qe6 36. g4 Nd7 37. Ng3 Qf6 38. Qxf6 Nxf6 39. Ke3 Kf8 40. Nf5 Nd7 41. Ke4 f6 42. Kd5 Kf7 43. Kd6 b5 1-0

[Event "35. DSenEM 65+"]
[Site "Bad Wildungen"]
[Date "2023.07.20"]
[Round "4.1"]
[White "Schmid, Wolfgang"]
[Black "Namyslo, Holger"]
[Result "1/2-1/2"]
[WhiteElo "2100"]
[BlackElo "2085"]
[PlyCount "90"]
[EventDate "2023.??.??"]
[WhiteTeam "Stuttgarter SF 1879"]
[BlackTeam "TG Biberach 1847 e.V."]

1. e4 c5 2. Nf3 d6 3. d4 cxd4 4. Nxd4 Nf6 5. Nc3 g6 6. Be2 Bg7 7. O-O O-O 8. Kh1 Nc6 9. Be3 Bd7 10. Nxc6 Bxc6 11. f3 a6 12. Qd2 Re8 13. Nd5 b5 14. Nxf6+ Bxf6 15. c3 d5 16. Qc2 Qc7 17. Bd3 Qb7 18. exd5 Bxd5 19. Be4 Bxe4 20. Qxe4 Qxe4 21. fxe4 Rec8 22. Bd2 Kg7 23. Bf4 e6 24. e5 Be7 25. Rfd1 Ra7 26. h3 Rb7 27. a3 a5 28. Rd3 b4 29. axb4 axb4 30. Be3 bxc3 31. bxc3 Rb3 32. Bd4 Bc5 33. Rad1 g5 34. Kh2 Kg6 35. Kg3 Bxd4 36. cxd4 Rcc3 37. Rxc3 Rxc3+ 38. Kh2 Re3 39. d5 exd5 40. Rxd5 h5 41. Rd6+ Kg7 42. Rd5 g4 43. hxg4 hxg4 44. Rd4 g3+ 45. Kh3 Rxe5 1/2-1/2

[Event "35. DSenEM 65+"]
[Site "Bad Wildungen"]
[Date "2023.07.20"]
[Round "4.2"]
[White "Brueggemann, Joachim"]
[Black "Krueger, Erich"]
[Result "1/2-1/2"]
[WhiteElo "2287"]
[BlackElo "2146"]
[Annotator "hugo5"]
[PlyCount "104"]
[EventDate "2023.??.??"]
[WhiteTeam "Erfurter Schachklub"]
[BlackTeam "Schachfreunde Essen-Katernberg"]

1. e4 c6 2. d4 d5 3. Nc3 dxe4 4. Nxe4 Nf6 5. Nxf6+ exf6 6. c3 Bd6 7. Bd3 O-O 8. Qc2 Re8+ 9. Ne2 h5 10. O-O Nd7 11. Bd2 Nf8 12. Rfe1 Qc7 13. h3 Bd7 14. c4 Qb8 15. b4 Ne6 16. c5 Bc7 17. Bc4 g6 18. Bc3 f5 19. d5 cxd5 20. Bxd5 Bc6 21. Bxe6 Rxe6 22. Nd4 Rxe1+ 23. Rxe1 Be4 24. Qe2 Bh2+ 25. Kh1 Be5 26. f3 Bxd4 27. Bxd4 Bc6 28. b5 Bd5 29. Qe3 Kh7 30. a4 Qg3 31. Bc3 Rg8 32. Rd1 Be6 33. Rd6 f4 34. Qe1 Qxe1+ 35. Bxe1 Rc8 36. Bf2 g5 37. a5 Kg6 38. Bd4 Rc7 39. c6 bxc6 40. bxc6 Kf5 41. Kg1 g4 42. hxg4+ hxg4 43. fxg4+ Ke4 44. Bb6 Rc8 45. Bxa7 Bd5 46. Kf2 Rxc6 47. Rxc6 Bxc6 48. Bb6 Bb5 49. g5 Ba6 50. Bd8 Bb5 51. g3 fxg3+ 52. Kxg3 Kd5 1/2-1/2

[Event "35. DSenEM 65+"]
[Site "Bad Wildungen"]
[Date "2023.07.20"]
[Round "4.3"]
[White "Schmidt, Bodo"]
[Black "Knaak, Joachim"]
[Result "1-0"]
[WhiteElo "2262"]
[BlackElo "2121"]
[PlyCount "83"]
[EventDate "2023.??.??"]
[WhiteTeam "SC 1919 Siegburg e. V."]
[BlackTeam "SV Dresden-Leuben"]

1. d4 Nf6 2. Nf3 e6 3. Bf4 c5 4. e3 d5 5. c3 Bd6 6. Bb5+ Nc6 7. Qa4 Bxf4 8. exf4 Qb6 9. dxc5 Qxc5 10. Nbd2 Bd7 11. O-O O-O 12. Nb3 Qb6 13. Bxc6 Bxc6 14. Qd4 Qxd4 15. Nbxd4 g6 16. Ne5 Rac8 17. Rac1 Rfd8 18. Rfe1 Be8 19. f3 Nd7 20. Nxd7 Rxd7 21. Re5 Rdc7 22. Rce1 Bd7 23. g4 Rc5 24. Kf2 b5 25. f5 exf5 26. gxf5 Kg7 27. Nb3 Rc4 28. fxg6 hxg6 29. Rxd5 Be6 30. Rxb5 Rh4 31. Kg3 Rch8 32. Rh1 Bc4 33. Rc5 a6 34. Nd4 Bd3 35. Rc7 Rh3+ 36. Kg2 R3h5 37. a4 Rg5+ 38. Kf2 Rgh5 39. Ne6+ Kf6 40. Nf4 Rxh2+ 41. Rxh2 Rxh2+ 42. Kg3 1-0

[Event "35. DSenEM 65+"]
[Site "Bad Wildungen"]
[Date "2023.07.20"]
[Round "4.4"]
[White "Kyas, Juergen"]
[Black "Juhnke, Juergen"]
[Result "1/2-1/2"]
[WhiteElo "2139"]
[BlackElo "2253"]
[PlyCount "27"]
[EventDate "2023.??.??"]
[WhiteTeam "SV Eiche Reichenbrand"]
[BlackTeam "HSK Lister Turm"]

1. e4 c5 2. Nf3 d6 3. d4 cxd4 4. Nxd4 Nf6 5. Nc3 a6 6. Be2 e5 7. Nb3 Be7 8. Bg5 Be6 9. Bxf6 Bxf6 10. O-O O-O 11. a4 Qc7 12. Nd5 Bxd5 13. Qxd5 Nc6 14. c3 1/2-1/2

[Event "35. DSenEM 65+"]
[Site "Bad Wildungen"]
[Date "2023.07.20"]
[Round "4.5"]
[White "Rosen, Willy"]
[Black "Schulz, Michael"]
[Result "0-1"]
[WhiteElo "2100"]
[BlackElo "2229"]
[PlyCount "88"]
[EventDate "2023.??.??"]
[WhiteTeam "Schachfreunde Essen-Katernberg"]
[BlackTeam "SC Zitadelle Spandau 1977 e.V."]

1. e4 c5 2. Nc3 Nc6 3. f4 g6 4. Nf3 Bg7 5. Bb5 Nd4 6. O-O a6 7. Bc4 b5 8. Bd5 Rb8 9. d3 e6 10. Bb3 Ne7 11. Nxd4 Bxd4+ 12. Kh1 Bb7 13. Ne2 Bg7 14. c3 f5 15. Bc2 O-O 16. Be3 Qc7 17. Qe1 c4 18. dxc4 bxc4 19. e5 Bd5 20. b4 cxb3 21. axb3 Bxb3 22. Bxb3 Rxb3 23. Rxa6 Rfb8 24. Ra7 R8b7 25. Rxb7 Qxb7 26. Qh4 Bf8 27. Bc5 Qb5 28. Bxe7 Qxe2 29. Rg1 Qg4 30. Qf6 Bg7 31. Qh4 Qxh4 32. Bxh4 Rxc3 33. Rb1 h6 34. Be7 Kf7 35. Bd6 Bf8 36. Bxf8 Kxf8 37. g3 g5 38. Rb8+ Kf7 39. Rh8 Kg7 40. Re8 Rd3 41. Kg2 Rd2+ 42. Kg1 gxf4 43. gxf4 Rd4 44. Re7+ Kg6 0-1

[Event "35. DSenEM 65+"]
[Site "Bad Wildungen"]
[Date "2023.07.20"]
[Round "4.6"]
[White "Heinemann, Ernst"]
[Black "Heinig, Wolfram"]
[Result "0-1"]
[WhiteElo "2100"]
[BlackElo "2217"]
[PlyCount "122"]
[EventDate "2023.??.??"]
[WhiteTeam "SK Union Oldenburg"]
[BlackTeam "SK Zehlendorf e.V."]

1. e4 c6 2. d4 d5 3. exd5 cxd5 4. Bd3 Nf6 5. c3 Qc7 6. Na3 a6 7. h3 g6 8. Ne2 Bf5 9. Bxf5 gxf5 10. Bf4 Qc6 11. Nc2 Rg8 12. Ne3 e6 13. Qb3 Nbd7 14. Rc1 b5 15. O-O Ne4 16. Qd1 Bd6 17. Bxd6 Qxd6 18. f4 Nb6 19. b3 Rc8 20. a4 Qd8 21. axb5 axb5 22. Qd3 Nd6 23. Kh2 h5 24. g3 Ra8 25. Ra1 Kd7 26. Nc2 h4 27. Rxa8 hxg3+ 28. Nxg3 Nxa8 29. Nb4 Nc7 30. Qf3 Rh8 31. Nd3 Qh4 32. Ne5+ Ke7 33. Ne2 Ne4 34. Ra1 Ra8 35. Rxa8 Nxa8 36. Ng3 Nc7 37. Nxe4 fxe4 38. Qg3 Qxg3+ 39. Kxg3 Ne8 40. Nc6+ Kf6 41. Ne5 Nd6 42. Kg4 Nf5 43. Nc6 Ne3+ 44. Kg3 Nd1 45. h4 Nxc3 46. h5 Ne2+ 47. Kg4 Nc1 48. b4 Nd3 49. Na7 Nxb4 50. Nxb5 Nc2 51. Kg3 Kg7 52. Kf2 Kh6 53. Ke2 Kxh5 54. Kd2 Nb4 55. Nd6 f5 56. Nf7 Kg4 57. Ng5 Kxf4 58. Nxe6+ Kf3 59. Ng5+ Kf2 60. Nh3+ Kg3 61. Ng1 f4 0-1

[Event "35. DSenEM 65+"]
[Site "Bad Wildungen"]
[Date "2023.07.20"]
[Round "4.7"]
[White "Schober, Ralf"]
[Black "Ackermann, Hans Werner"]
[Result "1/2-1/2"]
[WhiteElo "2089"]
[BlackElo "2191"]
[PlyCount "35"]
[EventDate "2023.??.??"]
[WhiteTeam "SV 1919 Grimma"]
[BlackTeam "Hammer Sportclub 2008 e. V."]

1. d4 Nf6 2. Nf3 g6 3. Nc3 d5 4. Bf4 Bg7 5. Qd2 h6 6. e3 Bf5 7. h3 c6 8. Ne5 Nbd7 9. f3 Nb6 10. O-O-O Nfd7 11. Nxd7 Qxd7 12. g4 Be6 13. Bd3 Rd8 14. Qh2 Rg8 15. Bb8 Qc8 16. Bc7 Rd7 17. Be5 Bxe5 18. Qxe5 1/2-1/2

[Event "35. DSenEM 65+"]
[Site "Bad Wildungen"]
[Date "2023.07.20"]
[Round "4.9"]
[White "Kannenberg, Karl-Heinz"]
[Black "Gruzmann, Boris"]
[Result "1/2-1/2"]
[WhiteElo "2081"]
[BlackElo "2162"]
[PlyCount "42"]
[EventDate "2023.??.??"]
[WhiteTeam "SC Kitzingen von 1905"]
[BlackTeam "Luebecker SV von 1873"]

1. d4 Nf6 2. Nf3 d6 3. Nc3 Bg4 4. e4 Nc6 5. Be3 g6 6. Be2 Bg7 7. h3 Bxf3 8. Bxf3 O-O 9. Qd2 Re8 10. g4 e5 11. d5 Nd4 12. Bg2 c5 13. O-O h5 14. g5 Nd7 15. a4 a6 16. Qd3 c4 17. Qd1 Rb8 18. Ne2 b5 19. axb5 axb5 20. h4 Nxe2+ 21. Qxe2 Ra8 1/2-1/2

[Event "35. DSenEM 65+"]
[Site "Bad Wildungen"]
[Date "2023.07.20"]
[Round "4.10"]
[White "Schaefer, Martin"]
[Black "Szenetra, Werner"]
[Result "1/2-1/2"]
[WhiteElo "1929"]
[BlackElo "2160"]
[PlyCount "67"]
[EventDate "2023.??.??"]
[WhiteTeam "SG Ennepe-Ruhr-Sued e.V."]
[BlackTeam "SV Berenbostel"]

1. d4 d6 2. e4 g6 3. c4 e5 4. Be3 exd4 5. Bxd4 Nf6 6. f3 Bg7 7. Nc3 O-O 8. Qd2 Nc6 9. Be3 Ne5 10. O-O-O Be6 11. Nd5 Bxd5 12. cxd5 c6 13. dxc6 Rc8 14. Kb1 Rxc6 15. Nh3 a6 16. Be2 Qc8 17. Nf4 Rd8 18. g4 g5 19. Nd5 Nxd5 20. exd5 Nc4 21. Bxc4 Rxc4 22. Bxg5 Re8 23. Rc1 b5 24. h4 Qb7 25. Rhe1 Rec8 26. Bh6 Bxh6 27. Qxh6 Rxc1+ 28. Rxc1 Rxc1+ 29. Kxc1 Qxd5 30. Qg5+ Qxg5+ 31. hxg5 Kf8 32. Kd2 Ke7 33. Kd3 Ke6 34. f4 1/2-1/2

[Event "35. DSenEM 65+"]
[Site "Bad Wildungen"]
[Date "2023.07.20"]
[Round "4.11"]
[White "Pruefer, Friedbert"]
[Black "Falk, Thomas"]
[Result "1-0"]
[WhiteElo "2235"]
[BlackElo "1996"]
[PlyCount "77"]
[EventDate "2023.??.??"]
[WhiteTeam "TSG 1861 Taucha"]
[BlackTeam "SV Oberursel"]

1. d4 d5 2. Bf4 c5 3. e4 dxe4 4. d5 Nf6 5. Nc3 a6 6. Qe2 g6 7. O-O-O Bg7 8. Nxe4 Nxe4 9. Qxe4 O-O 10. Qe3 Nd7 11. Bh6 Qa5 12. Bxg7 Kxg7 13. Kb1 Nf6 14. Be2 Bf5 15. Bf3 Rfe8 16. Ne2 e6 17. Ng3 Rad8 18. d6 Bg4 19. Bxg4 Nxg4 20. Qg5 f5 21. Nh5+ Kf7 22. h3 h6 23. Qf4 g5 24. Qg3 Nf6 25. Nxf6 Kxf6 26. h4 Rh8 27. hxg5+ hxg5 28. Rxh8 Rxh8 29. d7 g4 30. Qd6 Rd8 31. f4 c4 32. Qd4+ Kg6 33. Qd6 Kf6 34. Qd4+ Kg6 35. Qxc4 Qb6 36. Qd3 Qc6 37. g3 Qf3 38. Qd6 Qe2 39. b3 1-0